| 000 | 00576nam a22002297a 4500 | ||
|---|---|---|---|
| 005 | 20220304135409.0 | ||
| 008 | 160111b xxu||||| |||| 00| 0 spa d | ||
| 041 | _aEspañol | ||
| 082 | _a658.15 F491fi | ||
| 245 | _aFinanzas empresariales | ||
| 260 |
_aCosta Rica _bEUNA _c2015 |
||
| 300 | _a120 páginas | ||
| 650 |
_aADMINISTRACIÓN FINANCIERA _927 |
||
| 650 |
_aFINANZAS _928 |
||
| 650 |
_aCAPITAL _929 |
||
| 650 |
_aINTERÉS _930 |
||
| 650 |
_aDESCUENTO SIMPLE _931 |
||
| 650 |
_aVALORES _932 |
||
| 650 |
_aBONOS _933 |
||
| 650 |
_aANUALIDADES _934 |
||
| 942 | _cBK | ||
| 999 |
_c7294 _d7294 |
||